<?xml version="1.0" encoding="UTF-8"?>
<record
    xmlns:xsi="http://www.w3.org/2001/XMLSchema-instance"
    xsi:schemaLocation="http://www.loc.gov/MARC21/slim http://www.loc.gov/standards/marcxml/schema/MARC21slim.xsd"
    xmlns="http://www.loc.gov/MARC21/slim">

  <leader>00698nam a22002057a 4500</leader>
  <controlfield tag="003">OSt</controlfield>
  <controlfield tag="005">20251209130521.0</controlfield>
  <controlfield tag="008">210706b           ||||| |||| 00| 0 eng d</controlfield>
  <datafield tag="020" ind1=" " ind2=" ">
    <subfield code="a">9788180317507</subfield>
  </datafield>
  <datafield tag="082" ind1=" " ind2=" ">
    <subfield code="a">891.4309</subfield>
    <subfield code="b">M26H</subfield>
  </datafield>
  <datafield tag="100" ind1=" " ind2=" ">
    <subfield code="a">&#x92E;&#x927;&#x941;&#x930;&#x947;&#x936;</subfield>
  </datafield>
  <datafield tag="245" ind1=" " ind2=" ">
    <subfield code="a">&#x939;&#x93F;&#x928;&#x94D;&#x926;&#x940; &#x906;&#x932;&#x94B;&#x91A;&#x928;&#x93E; &#x915;&#x93E; &#x935;&#x93F;&#x915;&#x93E;&#x938;</subfield>
    <subfield code="c">by &#x92E;&#x927;&#x941;&#x930;&#x947;&#x936;</subfield>
  </datafield>
  <datafield tag="260" ind1=" " ind2=" ">
    <subfield code="a">&#x907;&#x932;&#x93E;&#x939;&#x93E;&#x92C;&#x93E;&#x926;</subfield>
    <subfield code="b">&#x932;&#x94B;&#x915;&#x92D;&#x93E;&#x930;&#x924;&#x940; &#x92A;&#x94D;&#x930;&#x915;&#x93E;&#x936;&#x928;</subfield>
    <subfield code="c">2019, 2021</subfield>
  </datafield>
  <datafield tag="300" ind1=" " ind2=" ">
    <subfield code="b">Hardback</subfield>
    <subfield code="a">301p.</subfield>
  </datafield>
  <datafield tag="500" ind1=" " ind2=" ">
    <subfield code="a">Acc No.39100: Year of Publication is 2021.</subfield>
  </datafield>
  <datafield tag="546" ind1=" " ind2=" ">
    <subfield code="a">Hindi</subfield>
  </datafield>
  <datafield tag="650" ind1=" " ind2=" ">
    <subfield code="2">&#x939;&#x93F;&#x928;&#x94D;&#x926;&#x940; &#x938;&#x93E;&#x939;&#x93F;&#x924;&#x94D;&#x92F;</subfield>
  </datafield>
  <datafield tag="650" ind1=" " ind2=" ">
    <subfield code="2">&#x939;&#x93F;&#x928;&#x94D;&#x926;&#x940; &#x906;&#x932;&#x94B;&#x91A;&#x928;&#x93E;</subfield>
  </datafield>
  <datafield tag="942" ind1=" " ind2=" ">
    <subfield code="2">ddc</subfield>
    <subfield code="c">BK</subfield>
  </datafield>
  <datafield tag="999" ind1=" " ind2=" ">
    <subfield code="c">24456</subfield>
    <subfield code="d">24456</subfield>
  </datafield>
  <datafield tag="952" ind1=" " ind2=" ">
    <subfield code="0">0</subfield>
    <subfield code="1">0</subfield>
    <subfield code="2">ddc</subfield>
    <subfield code="4">0</subfield>
    <subfield code="7">0</subfield>
    <subfield code="8">TXB</subfield>
    <subfield code="a">CURAJ</subfield>
    <subfield code="b">CURAJ</subfield>
    <subfield code="c">HND</subfield>
    <subfield code="d">2021-07-06</subfield>
    <subfield code="e">Technical Bureau</subfield>
    <subfield code="g">500.00</subfield>
    <subfield code="i">TB2674/04/02/2021</subfield>
    <subfield code="l">9</subfield>
    <subfield code="o">891.4309 M26H</subfield>
    <subfield code="p">35226</subfield>
    <subfield code="q">2026-07-12</subfield>
    <subfield code="r">2026-06-12</subfield>
    <subfield code="s">2026-06-12</subfield>
    <subfield code="w">2021-07-06</subfield>
    <subfield code="y">BK</subfield>
  </datafield>
  <datafield tag="952" ind1=" " ind2=" ">
    <subfield code="0">0</subfield>
    <subfield code="1">0</subfield>
    <subfield code="2">ddc</subfield>
    <subfield code="4">0</subfield>
    <subfield code="7">0</subfield>
    <subfield code="8">TXB</subfield>
    <subfield code="a">CURAJ</subfield>
    <subfield code="b">CURAJ</subfield>
    <subfield code="d">2023-06-16</subfield>
    <subfield code="e">HND</subfield>
    <subfield code="g">500.00</subfield>
    <subfield code="l">4</subfield>
    <subfield code="o">891.4309 M26H</subfield>
    <subfield code="p">39100</subfield>
    <subfield code="r">2026-04-13</subfield>
    <subfield code="s">2026-04-01</subfield>
    <subfield code="w">2023-06-16</subfield>
    <subfield code="y">BK</subfield>
  </datafield>
</record>
